00930nam a2200265 a 450000500170000000800410001702000150005804000250007304100080009804400070010608200190011324500780013226000510021030000500026150400420031161100240035365000240037765000540040165000340045565000380048970000300052770000350055770000330059270000390062520180803164840.0140224b1998 ck ||||| |||| 00| 0 spa d a958912948X aCO-BoIAVHcCO-BoIAVH0 aspa ack04a577.6809bG93a14aUna aproximación a los humedales en Colombia /cEditor Eduardo Guerrero3 aBogotá :bFondo FEN Colombia :bUICN,c1998. a163 páginas :bmapas, tablas ;c24 x 17 cm. aIncluye referencias bibliográficas.2 aConvención RAMSAR 6aHumedaleszColombia 6aHumedalesxInvestigación científicazColombia 6aGestión ambientalzColombia 6aEcosistemas acuáticoszColombia1 aGuerrero, EduardoeEditor1 aSanchez, HeliodoroeCompilador1 aAlvarez, RicardoeCompilador1 aEscobar, Elsa MatildeeCompiladora